MARC details
| 000 -CABECERA |
| campo de control de longitud fija |
01366nam a2200313 a 4500 |
| 001 - NÚMERO DE CONTROL |
| campo de control |
000021328 |
| 005 - FECHA Y HORA DE LA ÚLTIMA TRANSACCIÓN |
| campo de control |
20200930011312.0 |
| 008 - DATOS DE LONGITUD FIJA--INFORMACIÓN GENERAL |
| campo de control de longitud fija |
100906s1980 dr r 000 0 spa d |
| 040 ## - FUENTE DE LA CATALOGACIÓN |
| Centro catalogador/agencia de origen |
DO-SdBNP |
| Lengua de catalogación |
spa |
| Centro/agencia transcriptor |
BNPHU |
| 082 ## - NÚMERO DE LA CLASIFICACIÓN DECIMAL DEWEY |
| Número de clasificación |
352.448 |
| Número de documento/Ítem |
R426a |
| 110 2# - ENTRADA PRINCIPAL--NOMBRE DE ENTIDAD CORPORATIVA |
| Nombre de entidad corporativa o nombre de jurisdicción como elemento de entrada |
República Dominicana. |
| Unidad subordinada |
Secretaría de Estado de Finanzas |
| 9 (RLIN) |
32264 |
| 245 10 - MENCIÓN DE TÍTULO |
| Título |
Administración y técnica aduaneras / |
| Mención de responsabilidad, etc. |
Carlos Anabalón Ramírez...[et.al] ; prólogo Bolívar Báez Ortiz. |
| 260 ## - PUBLICACIÓN, DISTRIBUCIÓN, ETC. |
| Lugar de publicación, distribución, etc. |
Santo Domingo : |
| Nombre del editor, distribuidor, etc. |
Instituto de Capacitación Tributaria, |
| Fecha de publicación, distribución, etc. |
1980. |
| 300 ## - DESCRIPCIÓN FÍSICA |
| Extensión |
184 p. ; |
| Dimensiones |
21 cm. |
| 490 1# - MENCIÓN DE SERIE |
| Mención de serie |
Temas aduaneros |
| Designación de volumen o secuencia |
8 |
| 500 ## - NOTA GENERAL |
| Nota general |
Material de apoyo para los programas desarrollados por el Instituto de Capacitación Tributaria. |
| 504 ## - NOTA DE BIBLIOGRAFÍA, ETC. |
| Nota de bibliografía, etc. |
Incluye bibliografía y notas al pie de páginas. |
| 590 ## - NOTA LOCAL (RLIN) |
| Nota local |
Inventariado, 2018/BT |
| 650 #4 - PUNTO DE ACCESO ADICIONAL DE MATERIA--TÉRMINO DE MATERIA |
| Término de materia o nombre geográfico como elemento de entrada |
Aduanas |
| Subdivisión geográfica |
República Dominicana |
| 9 (RLIN) |
9334 |
| 650 #4 - PUNTO DE ACCESO ADICIONAL DE MATERIA--TÉRMINO DE MATERIA |
| Término de materia o nombre geográfico como elemento de entrada |
Nomenclatura arancelaria |
| 9 (RLIN) |
37033 |
| 700 1# - PUNTO DE ACCESO ADICIONAL--NOMBRE DE PERSONA |
| Nombre de persona |
Anabalón Ramírez, Carlos |
| 9 (RLIN) |
19098 |
| 700 1# - PUNTO DE ACCESO ADICIONAL--NOMBRE DE PERSONA |
| Nombre de persona |
Da Costa e Silva, Oswaldo |
| 9 (RLIN) |
44563 |
| 700 1# - PUNTO DE ACCESO ADICIONAL--NOMBRE DE PERSONA |
| Nombre de persona |
Danín Lobo, Luis Carlos de |
| 9 (RLIN) |
44564 |
| 700 1# - PUNTO DE ACCESO ADICIONAL--NOMBRE DE PERSONA |
| Nombre de persona |
Fuentes González, Benjamín |
| 9 (RLIN) |
44565 |
| 700 1# - PUNTO DE ACCESO ADICIONAL--NOMBRE DE PERSONA |
| Nombre de persona |
Báez Ortiz, Bolívar, |
| Término indicativo de función/relación |
pról. |
| 9 (RLIN) |
35646 |
| 710 1# - PUNTO DE ACCESO ADICIONAL--NOMBRE DE ENTIDAD CORPORATIVA |
| Nombre de entidad corporativa o nombre de jurisdicción como elemento de entrada |
República Dominicana. |
| Unidad subordinada |
Secretaría de Estado de Finanzas. |
| -- |
Instituto de Capacitación Tributaria |
| 9 (RLIN) |
9333 |
| 830 #0 - PUNTO DE ACCESO ADICIONAL DE SERIE-TÍTULO UNIFORME |
| Título uniforme |
Temas aduaneros |
| Número de parte o sección de la obra |
8 |
| 9 (RLIN) |
44566 |
| 910 ## - DATOS DE OPCIÓN DEL USUARIO (OCLC) |
| Datos de opción del usuario |
Validado. Control de calidad. EMS |